LDR 00848naa#a2200169#i#450# 001 RU\\bibl\121705 005 20260604234257.4 011 ## _a2073-0454 100 ## _a20260226b2026####ek#y0rusy0150####ca 102 ## _aRU 200 1# _aИмущественный характер обязательства как неотъемлемый его признак: в продолжение дискуссии _eЖурнальная статья 210 1# _aМосква _cМосковский университет МВД России имени В.Я. Кикотя _d2026 215 ## _a7 с. 608 ## _aЖурнальная статья _2local 675 ## _aДелимое и неделимое имущество. Составные части имущества. 347.213 _z 700 #1 _aРябзин _gРоман Александрович 856 4# _amosumvd.editorum.ru _u